Una luna junto a la laguna /
Guardado en:
| Autor Principal: | |
|---|---|
| Otros Autores: | |
| Formato: | Libro |
| Publicado: |
Buenos Aires :
Sm,
2012
|
| Edición: | 2a. ed. 8a. reimp. |
| Series: | El Barco de Vapor. Blanca ; 3 / Susana Aime
|
| Materias: | |
| Etiquetas: |
Agregar Etiqueta
Sin Etiquetas, Sea el primero en etiquetar este registro!
|
| LEADER | 00788nam a22002535a 4500 | ||
|---|---|---|---|
| 001 | CEM.cems015433 | ||
| 005 | 20191213153303.0 | ||
| 008 | 130507s2012##################000#0#####d | ||
| 003 | CEMS | ||
| 020 | |a 9789871098989 | ||
| 082 | 0 | 4 | |a A868.4 |
| 100 | 1 | |a Basch, Adela | |
| 245 | 1 | 0 | |a Una luna junto a la laguna / |c Adela Basch ; ilustrado Por Alberto Pez |
| 250 | |a 2a. ed. 8a. reimp. | ||
| 260 | |a Buenos Aires : |b Sm, |c 2012 | ||
| 300 | |a 64 p. | ||
| 490 | 0 | |a El Barco de Vapor. Blanca ; 3 / Susana Aime | |
| 653 | |a Literatura | ||
| 653 | |a Literatura argentina | ||
| 653 | |a Literatura infantil | ||
| 653 | |a Cuentos infantiles | ||
| 653 | |a Colección ciencias de la educación | ||
| 700 | 1 | |a Pez, Alberto; il. | |
| 859 | |a CEMS |b BIB. CEMS - Ccias. Educacion |h A868.4 |i B290-7 |k CE |p 28881.19 |t Ej.1 | ||
